Giro di Lombardia Winners Cycling Race - Statistics

General Stats
  • This quiz has been taken 10 times
  • The average score is 35 of 119
Answer Stats
Year Country Winner % Correct
2021 | 2022 | 2023 | +2 others Slovenia Tadej Pogacar
100%
2015 | 2017 Italy Vincenzo Nibali
80%
2019 Netherlands Bauke Mollema
70%
1971 | 1972 Belgium Eddy Merckx
70%
2016 Colombia Esteban Chaves
70%
2020 Denmark Jakob Fuglsang
70%
2018 France Thibaut Pinot
70%
2014 Ireland Daniel Martin
60%
1946 | 1947 | 1948 | +2 others Italy Fausto Coppi
60%
1936 | 1939 | 1940 Italy Gino Bartali
60%
2012 | 2013 Spain Joaquim Rodríguez
60%
1983 | 1985 | 1991 Ireland Sean Kelly
60%
1989 | 1992 Switzerland Tony Rominger
60%
1925 | 1926 | 1927 | 1931 Italy Alfredo Binda
50%
1979 | 1984 France Bernard Hinault
50%
1966 | 1973 Italy Felice Gimondi
50%
1997 France Laurent Jalabert
50%
2005 | 2006 Italy Paolo Bettini
50%
1975 | 1978 Italy Francesco Moser
40%
2009 | 2010 Belgium Philippe Gilbert
40%
1974 | 1976 Belgium Roger De Vlaeminck
40%
1996 Italy Andrea Tafi
30%
1919 | 1921 | 1922 Italy Costante Girardengo
30%
2004 | 2007 | 2008 Italy Damiano Cunego
30%
1982 Italy Giuseppe Saronni
30%
1959 Belgium Rik Van Looy
30%
2001 Italy Danilo Di Luca
20%
1967 | 1970 Italy Franco Bitossi
20%
1964 Italy Gianni Motta
20%
1981 Netherlands Hennie Kuiper
20%
1934 Italy Learco Guerra
20%
2002 | 2003 Italy Michele Bartoli
20%
1937 | 1942 Italy Aldo Bini
10%
1912 Italy Carlo Oriani
10%
1988 France Charly Mottet
10%
1908 Luxembourg François Faber
10%
1923 | 1924 Italy Giovanni Brunero
10%
1907 France Gustave Garrigou
10%
1911 | 1913 | 1920 France Henri Pélissier
10%
1968 Belgium Herman van Springel
10%
1951 France Louison Bobet
10%
1999 Italy Mirko Celestino
10%
1987 Italy Moreno Argentin
10%
1998 Switzerland Oscar Camenzind
10%
1993 Switzerland Pascal Richard
10%
1917 Belgium Philippe Thys
10%
1965 Great Britain Tom Simpson
10%
1956 France André Darrigade
0%
1932 Italy Antonio Negrini
0%
1953 Italy Bruno Landi
0%
1906 Italy Cesare Brambilla
0%
1938 Italy Cino Cinelli
0%
1955 Italy Cleto Maule
0%
1957 Italy Diego Ronchini
0%
1933 Italy Domenico Piemontesi
0%
1960 Belgium Emile Daems
0%
1935 Italy Enrico Mollo
0%
1980 Belgium Fons De Wolf
0%
1915 | 1918 | 1928 Italy Gaetano Belloni
0%
1977 | 1986 Italy Gianbattista Baronchelli
0%
1995 Italy Gianni Faresin
0%
1990 France Gilles Delion
0%
1909 Italy Giovanni Cuniolo
0%
1905 Italy Giovanni Gerbi
0%
1910 Italy Giovanni Micheletto
0%
1952 Italy Giuseppe Minardi
0%
1969 Belgium Jean-Pierre Monseré
0%
1962 | 1963 Netherlands Jo de Roo
0%
1914 Italy Lauro Bordin
0%
1916 Italy Leopoldo Torricelli
0%
1941 | 1945 Italy Mario Ricci
0%
1930 Italy Michele Mara
0%
1958 Italy Nino Defilippis
0%
2011 Switzerland Oliver Zaugg
0%
1929 Italy Pietro Fossati
0%
2000 Lithuania Raimondas Rumšas
0%
1950 Italy Renzo Soldani
0%
1961 Italy Vito Taccone
0%
1994 Russia Vladislav Bobrik
0%
No matching quizzes found
Score Distribution
Percent of People with Each Score
Percentile by Number Answered
Your Score History
You have not taken this quiz